Guess the NBA Player From Their Teams - Statistics

General Stats
  • This quiz has been taken 102 times
    69 since last reset
  • The average score is 4 of 20
Answer Stats
Hint Answer % Correct
Thunder > Rockets > Wizards > Lakers Russell Westbrook
96%
Bulls > Timberwolves > 76ers > Heat Jimmy Butler
80%
76ers > Magic > Bulls Nikola Vucevic
26%
Rockets > Grizzlies > Warriors > Magic > Bucks > Suns > Thunder > 76ers > Pelicans > 76ers > Pistons > Wizards > Hornets > Wizards > Nuggets Ish Smith
20%
Lakers > Pelicans > Knicks Julius Randle
17%
Grizzlies > Rockets > Raptors > Heat Kyle Lowry
17%
Cavaliers > Spurs > Raptors > Lakers > 76ers > Grizzlies Danny Green
15%
SuperSonics > Thunder > Celtics > Clippers > Magic > Cavaliers > Wizards > Jazz > Rockets > Nets > Nuggets Jeff Green
15%
Jazz > Celtics > Hornets Gordon Hayward
13%
Thunder > Pelicans > Grizzlies Steven Adams
13%
Thunder > Pistons > Clippers Reggie Jackson
11%
Pelicans > Kings > Pacers Buddy Hield
9%
Bulls > Cavaliers > Jazz Lauri Markkanen
9%
Nuggets > Magic > Celtics > Knicks Evan Fournier
6%
Rockets > Clippers > Lakers > Wizards > Hornets > 76ers Montrezl Harrell
6%
76ers > Timberwolves > Nets > Pacers > Bulls > Spurs > Raptors Thaddeus Young
4%
Pistons > Cavaliers > Lakers > 76ers > Nets > Bulls Andre Drummond
2%
Thunder > Bulls > Cavaliers > Suns Cameron Payne
2%
Spurs > Raptors > Pacers > Kings > Pistons Cory Joseph
2%
Wizards > Bulls > Magic > Warriors > Raptors Otto Porter Jr.
2%
No matching quizzes found
Score Distribution
Percent of People with Each Score
Percentile by Number Answered
Your Score History
You have not taken this quiz since the last reset